| 000 | 00390nam a22001697a 4500 | ||
|---|---|---|---|
| 003 | SGT | ||
| 020 | _a9789354668852 | ||
| 082 |
_a618.92 _bA26A |
||
| 100 | _aAGARWAL, RAMESH | ||
| 245 | _aAIIMS PROTOCOLS IN NEONATOLOGY | ||
| 250 | _a3RD | ||
| 260 |
_aNEW DELHI _bCBS. PUB. _c2026 |
||
| 300 | _a318 | ||
| 650 | _aPEDIATRICS | ||
| 653 | _aAIIMS PROTOCOLS IN NEONATOLOGY | ||
| 942 |
_2ddc _cBK |
||
| 999 |
_c34741 _d34741 |
||